Mekana ve insana dair / (Kayıt no. 10274)

MARC ayrıntıları
000 -BAŞLIK
Sabit Uzunluktaki Kontrol Alanı 01083nam a22002537a 4500
003 - KONTROL NUMARASI KİMLİĞİ
Kontrol Alanı KOHA_MİRAKIL
005 - EN SON İŞLEM TARİHİ ve ZAMANI
Kontrol Alanı 20260420101530.0
008 - SABİT UZUNLUKTAKİ VERİ ÖGELERİ - GENEL BİLGİ
Sabit Alan 260416b tu ||||| |||| 00| 0 tur d
020 ## - ISBN - ULUSLARARASI STANDART KİTAP NUMARASI
Isbn 9786057331588
040 ## - KATALOGLAMA KAYNAĞI
Özgün Kataloglama Kurumu TR-AnABB
Kataloglama Dili tur
Çeviri Kurumu TR-AnABB
041 ## - DİL KODU
Metin ya da ses kaydının dil kodu tur
082 ## - DEWEY ONU SINIFLAMA SİSTEMİ
Sınıflama Numarası 711.4
Cutter numarası MEK 2023
245 00 - ESER ADI BİLDİRİMİ
Başlık Mekana ve insana dair /
Sorumluluk Bildirimi Derleyen: Melis Oğuz
260 ## - YAYIN, DAĞITIM, VB.
Yayın Yeri Ankara :
Yayınevi İdealkent Yayınları,
Yayın Tarihi 2022
300 ## - FİZİKSEL TANIMLAMA
Sayfa, Cilt vb. 528 sayfa ;
Boyutları 20 cm
490 0# - DİZİ BİLDİRİMİ
Dizi Bildirimi İdealkent yayınları;
Cilt Numarası 52
490 0# - DİZİ BİLDİRİMİ
Dizi Bildirimi Kent ve toplum dizisi ;
Cilt Numarası 4
505 ## - İÇİNDEKİLER NOTU
İçindekiler Notu İçindekiler: Kentsel hafıza, katmanlar ve toplumsal bellek - Kentsel adalet ve mekanda dönüşüm - Kentsel eşikler ve tasarım - Kentsel hareketlilik ve sınırlar - Kentsel planlamada bilgi, iletişim ve teknoloji - Planlamada alternatif yaklaşımlar ve eleştiri - Kırsal planlama ve planlamada yeni arayışlar
505 ## - İÇİNDEKİLER NOTU
İçindekiler Notu Güncel yaklaşımlar - tartışmalar - çalışmalar
650 04 - KONU BAŞLIĞI EK GİRİŞ - KONU TERİMİ
Konusal terim veya coğrafi ad Şehir planlama
700 1# - EK GİRİŞ - KİŞİ ADI
Yazar Adı (Kişi adı) Oğuz, Melis,
İlişkili Terim derleyen
9 (RLIN) 3520
900 ## - YEREL BİLGİ
Kontrol Can ÇELIK
942 ## - EK GİRİŞ ÖGELERİ (KOHA)
Sınıflama Kaynağı Dewey Decimal Classification
Materyal Türü Kitap
Mevcut
Geri Çekilme Durumu Kayıp Durumu Sınıflandırma Kaynağı Kredi için değil Kalıcı Konum Mevcut Konum Kayıt Tarih Toplam Ödünçverme Yer Numarası Demirbaş Numarası Son Görülme Tarihi Fatura Tarihi Materyal Türü
    Dewey Decimal Classification   Prof. Dr. Ruşen Keleş Kütüphanesi Prof. Dr. Ruşen Keleş Kütüphanesi 16/04/2026   711.4 MEK 2023 RK7164 16/04/2026 16/04/2026 Kitap